000 00662nam a2200277Ia 4500
005 20260324150322.0
008 008 260324s9999 xx 000 0 eng d
020 _a9780203125984
037 _aEBOOK
040 _aCRL
040 _beng
040 _cCRL
041 _2eng
041 _aeng
084 _qCRL
100 _aFrank Musgrove; Philip Taylor
_91226015
245 0 _aSociety and the Teacher's Role (RLE Edu N)
260 _bTaylor and Francis
260 _c1969
365 _a
365 _b56.99
856 _uhttp://www.taylorfrancis.com/books/9780203125984
942 _cEBOOK
999 _c1835258
_d1835258